| 000 | 01107nam a2200265 i 4500 | ||
|---|---|---|---|
| 001 | 136085 | ||
| 003 | ES-MaACL | ||
| 005 | 20260120110448.0 | ||
| 007 | t| | ||
| 008 | 070214q1913 sp r ||||1| spa d | ||
| 080 | _a929 Núñez de Balboa, Vasco | ||
| 080 | _a910.4(265)"15" | ||
| 100 | 1 |
_aRuiz de Obregón y Retortillo, Juan. _9100765 |
|
| 245 | 1 | 0 |
_aVasco Núñez de Balboa : _bhistoria del descubrimiento del océano Pacífico, escrita con motivo del cuarto centenario de su fecha (1913) / _cpor Ángel Ruiz de Obregón y Retortillo. |
| 260 |
_aBarcelona : _bMaucci, _c[ca. 1913] |
||
| 300 |
_a191 p. ; _c19 x 12 cm. |
||
| 530 | _aDisponible en formato digital. | ||
| 600 | 1 | 4 |
_aNúñez de Balboa, Vasco, _dca. 1475-1517 _986182 |
| 651 | 4 |
_aPacífico- _xDescubrimientos y exploraciones- _xEspañoles. _9155865 |
|
| 651 | 4 |
_aPanamá- _xHistoria- _y1501-1555, Descubrimiento y conquista. _9169486 |
|
| 852 | 4 |
_aES-MaACL _jG-3214 _cDEPO2 |
|
| 856 | 4 |
_uhttp://bdh-rd.bne.es/viewer.vm?id=0000250491&page=1 _y(Biblioteca Digital Hispánica) |
|
| 942 | _2udc | ||
| 999 |
_c136085 _d136085 |
||